MARC details
| 000 -LEADER |
| fixed length control field |
02902cam a2200673 4500 |
| 001 - CONTROL NUMBER |
| control field |
21865 |
| 003 - CONTROL NUMBER IDENTIFIER |
| control field |
VRT |
| 005 - DATE AND TIME OF LATEST TRANSACTION |
| control field |
20260312142315.0 |
| 006 - FIXED-LENGTH DATA ELEMENTS--ADDITIONAL MATERIAL CHARACTERISTICS |
| fixed length control field |
r c tn |
| 008 - FIXED-LENGTH DATA ELEMENTS--GENERAL INFORMATION |
| fixed length control field |
211026s2021 xo a jr 000 j slo |
| 015 ## - NATIONAL BIBLIOGRAPHY NUMBER |
| National bibliography number |
SNBA2022/07 |
| 020 ## - INTERNATIONAL STANDARD BOOK NUMBER |
| International Standard Book Number |
9788056623251 |
| Qualifying information |
(viazané) |
| 039 #9 - LEVEL OF BIBLIOGRAPHIC CONTROL AND CODING DETAIL [OBSOLETE] |
| Level of rules in bibliographic description |
202407021130 |
| Level of effort used to assign nonsubject heading access points |
AUTHORITY |
| Level of effort used to assign subject headings |
202406101338 |
| Level of effort used to assign classification |
AUTHORITY |
| Level of effort used to assign subject headings |
202207071228 |
| Level of effort used to assign classification |
msnk167 |
| Level of effort used to assign subject headings |
202202171444 |
| Level of effort used to assign classification |
AUTHORITY |
| 040 ## - CATALOGING SOURCE |
| Original cataloging agency |
SVKBB |
| Language of cataloging |
slo |
| Transcribing agency |
SVKBB |
| Modifying agency |
SNK |
| Description conventions |
rda |
| 041 0# - LANGUAGE CODE |
| Language code of text/sound track or separate title |
slo |
| Language code of original |
ger |
| 044 ## - COUNTRY OF PUBLISHING/PRODUCING ENTITY CODE |
| MARC country code |
xo |
| ISO country code |
SK |
| 072 #7 - SUBJECT CATEGORY CODE |
| Subject category code |
821.112.2-3 |
| Subject category code subdivision |
Nemecká próza, nemecky písaná |
| Source |
konspekt |
| 072 #7 - SUBJECT CATEGORY CODE |
| Subject category code |
821-93 |
| Subject category code subdivision |
Literatúra pre deti a mládež (beletria) |
| Source |
konspekt |
| 080 ## - UNIVERSAL DECIMAL CLASSIFICATION NUMBER |
| Universal Decimal Classification number |
821.112.2(436)-32 |
| Edition identifier |
2011 |
| 080 ## - UNIVERSAL DECIMAL CLASSIFICATION NUMBER |
| Universal Decimal Classification number |
82-93 |
| Edition identifier |
2011 |
| 080 ## - UNIVERSAL DECIMAL CLASSIFICATION NUMBER |
| Universal Decimal Classification number |
(0:82-322.4) |
| Edition identifier |
2011 |
| 080 ## - UNIVERSAL DECIMAL CLASSIFICATION NUMBER |
| Universal Decimal Classification number |
(0:82-321.3) |
| Edition identifier |
2011 |
| 100 1# - MAIN ENTRY--PERSONAL NAME |
| Personal name |
Brezina, Thomas, |
| Dates associated with a name |
1963- |
| Relationship |
aut |
| 240 14 - UNIFORM TITLE |
| Uniform title |
Der Junge aus dem Jenseits |
| Language of a work |
Slovensky |
| 245 10 - TITLE STATEMENT |
| Title |
Návrat zo záhrobia |
| Statement of responsibility, etc. |
Thomas Brezina ; ilustrovala Nora Nowatzyková ; z nemeckého originálu Der Junge aus dem Jenseits preložila Silvia Stuppacherová |
| 250 ## - EDITION STATEMENT |
| Edition statement |
2. vydanie |
| 264 #1 - PRODUCTION, PUBLICATION, DISTRIBUTION, MANUFACTURE, AND COPYRIGHT NOTICE |
| Place of production, publication, distribution, manufacture |
Bratislava |
| Name of producer, publisher, distributor, manufacturer |
Fragment |
| Date of production, publication, distribution, manufacture, or copyright notice |
2021 |
| 300 ## - PHYSICAL DESCRIPTION |
| Extent |
117, 8 strán |
| Other physical details |
ilustrácie |
| Dimensions |
19 cm |
| Accompanying material |
1 plastová lupa |
| 336 ## - CONTENT TYPE |
| Content type term |
text |
| Content type code |
txt |
| Source |
rdacontent |
| 336 ## - CONTENT TYPE |
| Content type term |
trojrozmerná forma |
| Content type code |
tdf |
| Source |
rdacontent |
| 337 ## - MEDIA TYPE |
| Media type term |
bez média |
| Media type code |
n |
| Source |
rdamedia |
| 338 ## - CARRIER TYPE |
| Carrier type term |
zväzok |
| Carrier type code |
nc |
| Source |
rdacarrier |
| 338 ## - CARRIER TYPE |
| Carrier type term |
objekt |
| Carrier type code |
nr |
| Source |
rdacarrier |
| 490 1# - SERIES STATEMENT |
| Series statement |
Klub záhad |
| 500 ## - GENERAL NOTE |
| General note |
Vydalo vydavateľstvo Fragment v spoločnosti Albatros Media Slovakia, s.r.o. |
| 500 ## - GENERAL NOTE |
| General note |
Obsahuje biografické údaje o autorovi |
| 500 ## - GENERAL NOTE |
| General note |
Preložené z nemčiny |
| 521 8# - TARGET AUDIENCE NOTE |
| Target audience note |
Pre čitateľov od 11 rokov |
| 655 #7 - INDEX TERM--GENRE/FORM |
| Genre/form data or focus term |
rakúske príbehy |
| Source of term |
SNKPH |
| 655 #7 - INDEX TERM--GENRE/FORM |
| Genre/form data or focus term |
dobrodružné príbehy |
| Source of term |
SNKPH |
| 655 #7 - INDEX TERM--GENRE/FORM |
| Genre/form data or focus term |
detektívne príbehy |
| Source of term |
SNKPH |
| 655 #7 - INDEX TERM--GENRE/FORM |
| Genre/form data or focus term |
literatúra pre deti a mládež |
| Source of term |
SNKPH |
| 655 #7 - INDEX TERM--GENRE/FORM |
| Genre/form data or focus term |
Austrian stories |
| Source of term |
SNKPHeng |
| 655 #7 - INDEX TERM--GENRE/FORM |
| Genre/form data or focus term |
Adventure stories |
| Source of term |
SNKPHeng |
| 655 #7 - INDEX TERM--GENRE/FORM |
| Genre/form data or focus term |
Detective stories |
| Source of term |
SNKPHeng |
| 655 #7 - INDEX TERM--GENRE/FORM |
| Genre/form data or focus term |
Children's and juvenile literature |
| Source of term |
SNKPHeng |
| 700 1# - ADDED ENTRY--PERSONAL NAME |
| Personal name |
Nowatzyk, Nora |
| Relationship |
ill |
| 700 1# - ADDED ENTRY--PERSONAL NAME |
| Personal name |
Stuppacherová, Silvia |
| Relationship |
trl |
| 710 2# - ADDED ENTRY--CORPORATE NAME |
| Corporate name or jurisdiction name as entry element |
Albatros Media Slovakia. |
| Subordinate unit |
Fragment |
| Relationship |
pbl |
| 830 #0 - SERIES ADDED ENTRY--UNIFORM TITLE |
| Uniform title |
Klub záhad |
| 942 ## - ADDED ENTRY ELEMENTS (KOHA) |
| Source of classification or shelving scheme |
Dewey Decimal Classification |
| Koha item type |
Krásna literatúra pre deti |
| Suppress in OPAC |
No |
| 949 ## - LOCAL PROCESSING INFORMATION (OCLC) |
| 6 |
273K0669484 |
| a |
svkpoA 249497 |
| b |
svkpo660396 |
| q |
+ príl.: 1 x lupa |
| r |
+ príl.: 1 x lupa |
| 949 ## - LOCAL PROCESSING INFORMATION (OCLC) |
| 6 |
17A1468605 |
| a |
snkSD 90295 |
| b |
snk2021/17637 |
| o |
1728/2021 |
| s |
6100:20221102 |
| 949 ## - LOCAL PROCESSING INFORMATION (OCLC) |
| 6 |
17A1468607 |
| a |
snkSD 90295 D1 |
| b |
snk2021/17638 |
| o |
1728/2021 |
| 949 ## - LOCAL PROCESSING INFORMATION (OCLC) |
| 6 |
17A1468606 |
| a |
snkSD 90295/príl. |
| b |
snk2021/17637 |
| o |
1728/2021 |
| p |
príloha 1 plastová lupa |
| s |
6100:20221102 |
| 949 ## - LOCAL PROCESSING INFORMATION (OCLC) |
| 6 |
17A1468608 |
| a |
snkSD 90295/príl. D1 |
| b |
snk2021/17638 |
| o |
1728/2021 |
| p |
príloha 1 plastová lupa |
| 949 ## - LOCAL PROCESSING INFORMATION (OCLC) |
| 6 |
2889374291 |
| a |
savukM 122770 |
| b |
savuk2021/2433 |
| q |
Skontrolovať vrátenie 1 plastovej lupy. |
| r |
Súčasťou knihy 1 plastová lupa. |
| 949 ## - LOCAL PROCESSING INFORMATION (OCLC) |
| 6 |
270001000646922 |
| 9 |
1 voľ. príl. (lupa) |
| a |
svkbbA 163336 |
| b |
svkbbm 796952 |